Normal view
MARC view
Entry Personal Name
001 - CONTROL NUMBER
- control field: 45355
003 - CONTROL NUMBER IDENTIFIER
- control field: OSt
005 - DATE AND TIME OF LATEST TRANSACTION
- control field: 20230705130455.0
008 - FIXED-LENGTH DATA ELEMENTS
- fixed length control field: 230705|| aca||aabn | a|a d
040 ## - CATALOGING SOURCE
- Original cataloging agency: OSt
- Transcribing agency: OSt
100 ## - HEADING--PERSONAL NAME
- Personal name: David S.Malkus(etal...)
670 ## - SOURCE DATA FOUND
- Source citation: Work cat.: (OSt)55713: Robert D. Cook, concepts and Applications of Finite Element Analysis, 2013
